Villa Harding Green.

Guardado en:
Formato: Deslizar
Materias:
Etiquetas: Agregar Etiqueta
Sin Etiquetas, Sea el primero en etiquetar este registro!
LEADER 00893ngm a22002535g 4500
001 CEM.cems022368
008 130507b1998##################0###0#####d
005 20241031133739.0
245 0 0 |a Villa Harding Green. 
300 |a 24'. 
500 |a En soporte VHS, consultar en ventanilla. 
505 0 |a Villa Harding Green: orígenes. El ferrocarril. El museo de la Agroposta (chalet "El Recreo"). Antoine de Saint Exupery. Historia de la aviación naval. 
538 |a Soporte: VHS - Norma: Pal N - Color: Si - Grabación DRD 1998 - Hitachi=4790 
082 9 1 |. 1/BAH-2 
653 |a BAHIA BLANCA 
653 |a VILLA HARDING GREEN 
653 |a AVIACION NAVAL 
653 |a HARDING GREEN 
653 |a FERROCARRIL 
653 |a TREN 
653 |a MUSEOS 
653 |a NIVEL PRIMARIO 
653 |a NIVEL SECUNDARIO 
859 |a CEMS  |b BIB. CEMS - Depto. Recursos Didacticos  |h 918.1  |i BAH-2  |k DRD  |p 1011.12  |t Ej.1